[Event "Bundesliga 2008-9"]
[Site "Katernberg GER"]
[Date "2008.12.14"]
[Round "9"]
[White "Beikert, Guenther, Dr."]
[Black "Thesing, Matthias"]
[Result "1-0"]
[WhiteElo "2470"]
[BlackElo "2403"]
[Annotator "Ëåáåäåâ Âàñèëèé"]
[PlyCount "71"]
[EventDate "2008.10.03"]

1. e4 c5 2. Nf3 e6 3. d4 cxd4 4. Nxd4 a6 5. Bd3 {
Ðåäêîå ïðîäîëæåíèå: âàðèàíò Êàíà.} Nf6 6. O-O Qc7 7. c4 Nc6 8. Nxc6 dxc6 9. f4
e5 10. f5 Bc5+ 11. Kh1 h5 12. Qe2 Ng4 13. Nd2 {
Âîò ìû è ïðèïëûëè ê ãðàíèöå íåèçâåäàííîãî...} Qd6 $5 $146 ({RR} 13... Qb6 14.
h3 Nf2+ 15. Kh2 Qd8 ({RR} 15... Nxd3 16. Qxd3 Bd4 17. Nb3 h4 18. Nxd4 exd4 19.
e5 c5 20. Qe4 g6 21. fxg6 Qxg6 22. Qxg6 fxg6 23. b4 cxb4 24. Rd1 Be6 25. Rxd4
Rh5 26. Rb1 Rd8 27. Rxd8+ Kxd8 28. Rxb4 Rxe5 29. Rxb7 Bxc4 30. Rb6 {
Hotting,A - Stuart,A/corr 1987/MegaCorr4/1/2-1/2 (35)}) ({â îòâåò íà} 15...
Ng4+ {áåëûå ìîãëè áû è ïîâåñåëèòüñÿ -} 16. Kg3 $5) 16. Nb3 Qxd3 17. Rxf2 Qxe2
18. Rxe2 Be7 19. Be3 g6 20. Rf1 gxf5 21. exf5 f6 22. g3 Bd7 23. Nc5 O-O-O 24.
Rd2 Be8 25. Rfd1 Rxd2+ 26. Rxd2 Bf7 27. Nxb7 $1 Bxc4 28. Nd6+ {
Riemersma,L (2345) - Jukic,M (2455)/Graz 1987/TD/1-0 (49)}) ({RR} 13... Qd8 14.
Nf3 f6 15. Bc2 Qb6 16. Nh4 Nf2+ 17. Rxf2 Bxf2 18. Ng6 Rh7 19. c5 Qxc5 20. Bb3
Bd7 21. Bg8 Rh6 22. Bxh6 {
1/2-1/2 Smirin,I (2590) - Goldin,A (2590)/Philadelphia 1998/EXT 1999}) 14. Nf3
$1 {Ðàñ÷¸òëèâî (äóìàþ, ÷òî äàæå ñ óäîâîëüñòâèåì) ïîïàäàÿñü â ëîâóøêó,
êîòîðóþ óñòðîèë ñîïåðíèê ñâîèì òðèíàäöàòûì (äëÿ êîãî îí áóäåò íåñ÷àñòëèâûì?),
ðàíåå íå ïðèìåíÿâøèìñÿ õîäîì.} Nf2+ $6 {Ðèñêíó ïðèìåíèòü ê ýòîìó õîäó èìåííî
òàêîé, íåñêîëüêî îïóñêàþùèé åãî â òàáåëè îá èñòèííûõ ðàíãàõ, çíàê. Èáî, ïî
êðàéíåé ìåðå, èíèöèàòèâó (â êîìïåíñàöèþ çà îòäàííûé ìàòåðèàë) áåëûå çäåñü
ïîëó÷àþò.} ({Íàâåðíîå, çàñëóæèâàëî âíèìàíèÿ} 14... Bd7 $5 15. Bc2 $140 O-O-O
{, êàê ãîâîðèòñÿ, ñ îáîþäîîñòðîé èãðîé.}) 15. Rxf2 Bxf2 16. Nxe5 $1 ({
Êîíå÷íî, íå} 16. Qxf2 $2 Qxd3 {- íè êà÷åñòâà, íè êîìïåíñàöèè.}) 16... Ba7 {
Õîä ïîíÿòíûé - óâîäèì (è ïîäàëüøå) ñëîíà èç-ïîä áîÿ, îñòàâëÿåì ïîëå ñ5
ñâîáîäíûì äëÿ ôåðçÿ...} ({...íî ïîïðîáóåì (â àíàëèçå) è êîíèêà ñúåñòü:} 16...
Qxe5 17. Qxf2 O-O $140 (17... Qd6 $5) 18. Bf4 Qe7 19. c5 $1 {
(ãðîçèì âíåäðèòüñÿ ñëîíîì íà d6)} Rd8 20. Bc2 $1 {
Áåç òàêîãî êà÷åñòâà êàæäûé ìå÷òàë áû ïîèãðàòü!}) 17. Bf4 $5 {
È ýòî íàïðàøèâàåòñÿ, íî...} ({.. íî, ïî âñåé âèäèìîñòè, õîä â òåêñòå íå
ëó÷øèé, è ïðàâèëüíî èãðàòü íàäî áûëî òàê -} 17. Nf3 $1 {õëàäíîêðîâíî
îòïðûãèâàÿ íàçàä, ïîñëå ÷åãî áåëûå ïåøêè «å» è «f», ïðè àêòèâíîé
ïîääåðæêå âñåõ ñâîèõ ôèãóð, ïîïðóò (ïðè÷¸ì, ñî ñòðàøíîé ñèëîé) âïåð¸ä!
Åñòåñòâåííîé (ÈÌÕÎ) ðåàêöèåé íà òàêèå «íàãëîñòè» ÿâëÿåòñÿ ìîìåíòàëüíàÿ
ýâàêóàöèÿ -} O-O ({â äëèííóþ ñòîðîíó äðàïàòü ñëèøêîì äîëãî:} 17... Bd7 18. e5
Qe7 19. e6 $1 {è ò.ä.}) 18. e5 Qe7 19. f6 $1 {Íó, íå ìîæåò áûòü ýòîò õîä
ïëîõèì! Íåñìîòðÿ íà âñå ïîñòóïàþùèå «ñ ìåñò», òî åñòü îò âñÿ÷åñêèõ
«äâèæî÷êîâ», ñèãíàëû!} gxf6 20. Qe4 f5 $8 21. Qe1 $1 {(íà g3!)} f6 $140 (
21... Qe6 $5) 22. Bh6 Re8 ({åñëè} 22... Rd8 {, òî} 23. Qg3+ Kh8 24. exf6 Qxf6
25. Bg5 Qxb2 26. Rb1 $18) ({à íà} 22... Rf7 {âåñüìà õîðîøî} 23. Qg3+ Kh7 24.
Bf4 $40) 23. Qh4 Qf7 ({ñëàáî îêàçûâàåòñÿ} 23... fxe5 {ââèäó} 24. Qxh5 {
ñî ñëåäóþùèìè, âåñüìà àòàêóþùèìè, èäåÿìè:} Qf7 25. Qg5+ Kh7 ({åñëè} 25... Kh8
{, òî ïîðà óæ è ïîæåðòâîâàòü -} 26. Bg7+ $1 Qxg7 27. Qh5+ Kg8 28. Qxe8+ Kh7 29.
Re1 $1 {è íà  «åñòåñòâåííîå»} e4 {ïîæåðòâîâàòü åù¸ ðàç -} 30. Bxe4 $1 {
ñ ðàçãðîìîì}) 26. Qh4 Qg6 27. Bf4+ Kg8 28. Bxe5 Be3 29. Re1 Bh6 30. g4 $40 {
, êîòîðóþ òóò ìîæíî «îáîçâàòü» óæå è ðåøàþùåé, è ôèíàëüíîé...}) 24. exf6
Qg6 {, êàê ãîâîðèòñÿ, çàíèìàÿ ïîñëåäíþþ ëèíèþ îáîðîíû. È íàäî áû ýòó çàñåêó
áåëûì ïðåîäîëåòü. Ïîïðîáóåì ñäåëàòü ýòî òàê:} 25. Bg5 $1 {ñî ìíîãèìè
è çàäóìêàìè, íàïðèìåð Qg3&Nh4 è ò.ä., ïîñåìó è ðàññìîòðèì-êà «óìåðùâëåíèå»
÷¸ðíûõ â ñëó÷àå} Bb8 26. c5 Bc7 27. Nd4 {, ïðîñòî íàâàëèâàÿñü âñåìè ñèëàìè
(ïîñëå Rf1) íà ïóíêò f5... Íî ìû ÷òî-òî ñëèøêîì ñèëüíî îòâëåêëèñü îò ïàðòèè.})
17... Qc5 18. Rf1 {
Ãðîçèëî âòîðæåíèå ÷¸ðíîãî ôåðçÿ íà f2, âûíóæäàþùåå ðàçìåí ñèëüíåéøèõ ôèãóð...
} Bb8 {À ÷òî òåïåðü?} 19. Nxf7 $1 Kxf7 20. e5 $44 {Çà òàêóþ ïîçèöèþ â
ïðàêòè÷åñêîé ïàðòèè ìíîãîå, êîíå÷íî, ìîæíî îòäàòü.  Ê òîìó æå, âåñüìà
âåðîÿòíî, ÷òî è ïðîòèâíèê «ñîëü¸ò» å¸ â îäèí õîä.} Kg8 $2 {
Èíñòèíêòèâíî óâîäÿ ñâîåãî êîðîëÿ ïîäàëüøå, ÷òî è ÿâëÿåòñÿ ðåøàþùåé îøèáêîé...
} ({À âåäü â ðàñïîðÿæåíèè ÷¸ðíûõ áûëè äâà õîäà, êàê ìèíèìóì, íå óõóäøàþùèå
èõ ïîëîæåíèå. Âî-ïåðâûõ, àêòèâíîå} 20... Qd4 $5 {
,íà ÷òî íàèáîëåå ëîãè÷íûì êàæåòñÿ} 21. e6+ {
è òåïåðü ÷¸ðíûì  ãëàâíîå - óãàäàòü ñ îòñòóïëåíèåì êîðîëÿ:} Ke8 $1 {Òîëüêî òàê!
} ({ñëàáî} 21... Kf8 {èç-çà} 22. e7+ Kf7 ({èëè} 22... Ke8 23. Bxb8 Rxb8 24. f6
$1 {È äàëåå âîçìîæíî} Bg4 25. f7+ Kd7 26. Bf5+ Bxf5 27. Rxf5 Qd6 28. Rf1 $1 {
, îòáèðàÿ ó ÷¸ðíûõ «íåíóæíîãî» ôåðçÿ:} Qxe7 29. Rd1+ Qd6 30. Rxd6+ Kxd6 31.
c5+ $5 Kxc5 32. Qe5+ Kb6 33. Qxg7 {, è áåëûå äîëæíû ïîáåäèòü}) 23. e8=Q+ $1
Rxe8 24. Qxh5+ Kf8 25. f6 $1 $40 {
, êîòîðàÿ, äóìàåòñÿ, äîëæíà ïðèâåñòè áåëûõ ê òðèóìôó. Íàïðèìåð,} gxf6 26. Bg6
Bxf4 27. Qh8+ Ke7 28. Qxe8+ Kd6 29. Qd8+ Kc5 30. Qxd4+ Kxd4 31. Rxf4+ Kc5 32.
h4 {ñ âûèãðàííûì ýíäøïèëåì}) ({íå âûðó÷àåò è ëèõîå} 21... Kf6 {ââèäó} 22. Bd2
Be5 23. Re1 Qd6 ({èëè} 23... Qxb2 24. Qe3 $1 Ke7 $140 {(ãðîçèë øàõ ôåðç¸ì ñ g5)
} 25. Qc5+ Bd6 26. Bg5+ {è ò.ä.}) 24. c5 $1 Qxc5 ({èëè} 24... Qb8 25. Qe3 $18 {
, òî åñòü:} Ke7 26. Qg5+ Bf6 27. Qg6 Rf8 28. Bg5 {- âñ¸!}) 25. Bb4 $1 Qd4 26.
Bc3 $18) {Ó áåëûõ, ïîçèöèÿ, êîíå÷íî, âåñüìà ïðèâëåêàòåëüíàÿ, îñîáåííî íà
÷åëîâå÷åñêèé âçãëÿä. È ÷òî ñ òîãî, ÷òî ó íèõ íå õâàòàåò ëàäüè?} 22. Bxb8 {
(èíîãî íå âèæó)} Rxb8 23. Be4 $1 {
Ëàäüÿ ãîòîâà îòïðàâèòüñÿ íà îòêðûòóþ ëèíèþ «d».} Kf8 $140 ({èëè} 23... Ke7
24. Rd1 Qe5 $140 25. Qd2 $1 Bxe6 $140 $5 ({
èáî óæå íåâìîãîòó òåðïåòü ýòè áåëûå ïåøêè; íî íå} 25... Qxe4 $4 26. Qg5+ Ke8
27. Rd8#) 26. Re1 $1 Rhd8 27. Bd5 $1 Qxf5 ({íå ïðîõîäèò} 27... Rxd5 $2 {èç-çà}
28. cxd5 Qxd5 29. Qg5+ $1 {è ò.ä.}) 28. Qb4+ $8 Ke8 29. Bxe6 Qf6 30. Qc5 {
Ó ÷¸ðíûõ ïîçèöèÿ - íå ïîçàâèäóåøü... Íî õâàòèò ëè ó èõ ñîïåðíèêà ñèë, ÷òîáû
íàíåñòè ðåøàþùèé óäàð? Íå óâåðåí...} g6 31. h3 $5 (31. Qe3 $5 Rd4 32. Bf5+ Kf8
33. Bxg6 Rf4 34. Bd3 Rd8 $15) 31... Rd2 $140 $5 {
Íàì¸ê íà êîíòðàòàêó (ãðîçèì Qf2)...} ({èëè} 31... Rd4 $5 32. Bd5+ Kd7 33. Qb6
$1 {(ãðîçèì B:c6+!)} Qf4 34. Qc5 $1 $11 {Ê ïðèìåðó, íà} Re8 ({èëè} 34... cxd5
35. Qe7+ Kc6 36. Qc5+ Kd7 37. Qe7+ {- âå÷íûé øàõ-1}) ({èëè} 34... Rf8 35.
Bxc6+ $1 bxc6 36. Qa7+ Kc8 37. Qxa6+ Kc7 38. Qa7+ Kd8 39. Qb6+ Kd7 40. Qb7+ {
- âå÷íûé øàõ-2}) {åñòü} 35. Bxc6+ $1 bxc6 36. Qa7+ Kd6 37. c5+ $1 Kd5 38. Qd7+
Kxc5 39. Qxe8 $13) {Âèæó «ðûáó», ïðåðûâàþñü:} 32. Bd5+ Kd7 33. Be6+ Ke8 (
33... Kc7 $4 34. Qa5+) 34. Bd5+ {è ò.ä.}) 24. Rd1 Qf6 25. Qd3 Kg8 $8 26. Qg3
Ra8 $8 {È ñàìàÿ ïîðà ïåðåéòè... â ýíäøïèëü.} 27. Qg6 $3 {, íàäåÿñü íà} Qxg6 $2
({íî} 27... Bxe6 $1 28. Qxf6 gxf6 29. fxe6 Re8 30. Bf5 $13 {
, è ñòàâèòü çäåñü ïîñëåäíèé ðóáëü íà ïîáåäó áåëûõ ÿ áû íå ðèñêíóë...}) 28. Rd8+
Qe8 $1 ({ñîâñåì ïëîõî} 28... Kh7 29. fxg6+ Kh6 30. Rxh8+ Kg5 31. e7 $18) 29.
Rxe8+ Kh7 30. f6+ g6 31. Rxh8+ $1 {Îïÿòü ìåíÿåìñÿ!} Kxh8 32. e7 Be6 ({åñëè} 
32... Bd7 {, òî âñ¸ ïðîñòî:} 33. Bxg6 Be8 34. Bxe8 Rxe8 35. f7 $18) 33. Bxg6
Kg8 34. e8=Q+ Rxe8 35. Bxe8 {, è ïîñëå íàïðàøèâàþùåãîñÿ} Bxc4 (35... Bf7 36.
Bxf7+ Kxf7 37. Kg1 $18) {ïîëó÷àåòñÿ ñëåäóþùåå:} 36. Bxh5 Bxa2 37. g4 {
, äóìàåòñÿ, ÷òî áåëûå äîëæíû çäåñü âûèãðàòü. Âàðèàíò, ñîãëàñèòåñü, êðàñèâûé,
íî, ê ñîæàëåíèþ, ñîâñåì íå îáÿçàòåëüíûé...}) ({
Åñòü è åù¸ îäíî, çàñëóæèâàþùåå âíèìàíèÿ, ïðîäîëæåíèå} 20... Kf8 $5 {
ïîñëå ÷åãî ó áåëûõ, êàê ìèíèìóì, íè÷üÿ åñòü:} 21. f6 $5 (21. Qe4 $5) 21...
gxf6 $140 ({ñëàáî} 21... g5 $2 {ââèäó} 22. Bg6 $1 ({íî íå} 22. Bxg5 $2 Qxe5) {
, è åñëè} 22... gxf4 {, òî ÷¸ðíûì áóäåò õóäî:} 23. e6 Bd6 24. e7+ {
Ïðîùå âñåãî.} ({Âïðî÷åì, â àíàëèçå âïîëíå ïðîñòèòåëüíî óâëå÷üñÿ:} 24. Rxf4 $5
{Ýôôåêòíî...} Kg8 $8 25. e7 $1 Bd7 $8 26. Re4 $1 {
, è ïóñòü ÷¸ðíûå èùóò ñïàñåíèå. Ê ïðèìåðó, ñîâåðøåííî íå ãîäèòñÿ} Be8 $2 {
ââèäó} 27. Rg4 $3) 24... Bxe7 25. fxe7+ Kg7 (25... Qxe7 26. Rxf4+) 26. e8=Q
Rxe8 27. Qxe8 Qf8 (27... Qxc4 28. Re1 $18) 28. Qxf8+ Kxf8 29. Rxf4+ {
, îñòàâàÿñü ñ äâóìÿ ëèøíèìè ïåøêàìè}) 22. Bg5 $1 Qxe5 $8 {
Íàïàëè íà ìàò, õîòèì ðàçìåíÿòü ôåðçåé.} 23. Rxf6+ $8 Kg7 24. Rg6+ Kf7 25. Rf6+
Qxf6 $5 ({
ìîæíî, êîíå÷íî, è íå èñïûòûâàòü ïðî÷íîñòü ñâîèõ íåðâîâ, èçáðàâ î÷åâèäíîå} 
25... Kg7 $11 26. Rg6+ {è ò.ä.}) 26. Bxf6 Kxf6 {
È âíîâü ïîëó÷àåòñÿ âå÷íûé øàõ:} 27. Qf3+ $1 Ke7 $8 (27... Kg7 $143 28. Qe4
$40) 28. Qe3+ Kf6 (28... Be6 $2 29. Bf5 $18) 29. Qf3+ Ke7 $8 {
Ïîâòîðèëèñü! Íè÷üÿ?}) 21. f6 $1 $18 {
«Ñìîòðèòå, Øóðà, - ñêàçàë Îñòàï. - Ñåé÷àñ ñîñòîèòñÿ âûíîñ òåëà» ( ).} gxf6 (
{Åñëè} 21... Bg4 {, òî} 22. Qe4 $18 {
ñ òàêèìè «ïðèìèòèâíûìè» óãðîçàìè: Be3 è f7+ èëè f:g7 è  Qg6+. È åñëè} Qf8 {
, òî} 23. Be3 Qf7 $140 24. e6 $1 Bxe6 25. fxg7 {è ò.ä.}) ({À â ñëó÷àå} 21...
g6 22. Bxg6 Be6 23. Qd3 $1 {÷¸ðíûì òàêæå íå óñòîÿòü:} Bc7 ({èëè} 23... Qf8 24.
Qg3 $18) 24. Be8 $1 {, è «íàãëî» ëåçåì íà g6 ôåðç¸ì.}) 22. exf6 {
Ãðîçèì Qe8+ c ðàçãðîìîì.} Kf7 ({
Äðóãèå «çàùèòû» ïîëÿ å8 òàêæå íå âïå÷àòëÿþò:} 22... Qf8 23. c5 $1 Qd8 24.
Bc4+) ({«Èëè»} 22... Bd7 23. f7+ $1 Kf8 24. b4 $1 Qxb4 {
(ôåðçü íå ìîæåò íå îõðàíÿòü ïîëå d6)} 25. Bxb8 Rxb8 $140 26. Qe5 {
- «âèëêà» íà îáå ëàäüè!}) 23. b4 $1 {Ïðàâèëüíî! È êðàñèâî, è ñèëüíî.} ({
Ïîñëå «î÷åâèäíîãî»} 23. Bxb8 Rxb8 24. Qe4 {
ó áåëûõ âîçíèêàëè íåêîòîðûå ïðîáëåìû:} Bf5 $1 25. Rxf5 Rbe8 $1 {, è ÷¸ðíûå
èìåþò øàíñ äîæèòü äî ëàäåéíîãî ýíäøïèëÿ, â êîòîðîì, êàê èçâåñòíî, ñëó÷èòüñÿ
ìîæåò âñ¸, íî, ïî áîëüøåé ÷àñòè, íå÷òî íè÷åéíîå. Íàïðèìåð,} 26. Rxc5 Rxe4
27. Bxe4 Re8 $1 28. Rxh5 Rxe4 29. Rh7+ Kxf6 30. h3 Rxc4 31. Rxb7 {
Õîòÿ, êîíå÷íî, ó áåëûõ çäåñü äâå âïîëíå çäîðîâûõ ëèøíèõ ïåøêè...}) 23... Bg4 (
{Ñîâñåì íå óïîðíåå} 23... Qxb4 {ââèäó ñëåäóþùèõ âàðèàíòîâ:} 24. Bxb8 Rxb8 25.
Qe5 Bd7 ({åñëè} 25... Bg4 {, òî ïðåäëàãàåòñÿ} 26. a3 $1 {, îòâëåêàÿ ÷¸ðíîãî
ôåðçÿ îò ñîâåðøåííî íåíóæíîãî (íà âçãëÿä áåëûõ, åñòåñòâåííî) êîíòðîëÿ íàä
ïîëåì å1.} Qxa3 $140 27. Qc7+ Ke6 28. Re1+ {ñî ñêîðûì ìàòîì}) 26. c5 {
Áåëûé ôåðçü ÿâíî ñîáèðàåòñÿ ïîáåñåäîâàòü, êàê ãîâîðèòñÿ, ïî-ñâîéñêè, ñ ÷¸ðíûì
ìîíàðõîì.} Rbe8 (26... Rhe8 27. Qxh5+ {è ò.ä.}) 27. Qd6 $18 {Òî åñòü:} Bg4 28.
Qc7+ Ke6 29. Bg6 {Ïðåæäå âñåãî ãðîçèò ìàò Qd6# (èëè Bf7#)...}) 24. Qe4 Bf5 {
÷¸ðíûå ñîïðîòèâëÿþòñÿ äî êîíöà.} ({×èñòî äëÿ ñïðàâêè:} 24... Qxb4 $2 25.
Qg6+ Ke6 26. f7+ Ke7 27. Qg7 Rf8 $140 28. Qxf8+ $1 {
, è ÷¸ðíûì ìîæíî ñäàâàòüñÿ.}) 25. Qe1 $1 Re8 26. Qh4 {
Îñòàëüíîå - àãîíèÿ. Áåëûå âûèãðûâàþò ôåðçÿ.} Bxd3 ({Åñëè} 26... Qxb4 {, òî}
27. Qxh5+ {ñ ìàòîì.}) 27. bxc5 Bxf4 ({«Èëè»} 27... Bxf1 28. Qxh5+ Kf8 (28...
Kxf6 29. Qxe8 $18) 29. Bh6+ {, è ìàò â íåñêîëüêî õîäîâ.}) 28. Rxf4 {
À äàëüøå - silentium...} Rad8 29. h3 Bg6 30. Rd4 Rxd4 31. Qxd4 Re6 32. Qb2 a5
33. a4 Be4 34. Qxb7+ Kxf6 35. Qc7 h4 36. Qf4+ {
, è ïàðòèÿ íàêîíåö-òî çàêîí÷èëàñü.} 1-0